| 000 | 00330cam a22001217a 4500 | ||
|---|---|---|---|
| 008 | 180718b1960 xxu||||| |||| 00| 0 eng d | ||
| 082 | _aA6x515 T364 | ||
| 100 | _aThomas, Lowell | ||
| 245 |
_aSilent war in Tibet _cby Lowell Thomas |
||
| 260 |
_aLondon _bSecker & Warburg _c1960 |
||
| 300 | _a284p | ||
| 650 | _aTibet (China) -History. | ||
| 999 |
_c411525 _d411525 |
||